000
00481nam a2200181Ia 4500
008
090123s9999 xx 000 0 und d
082
_b
1097
100
_a
मोकाशी दि.बा.
245
_a
पालखी
250
_a
1
260
_b
भागवत वा.पु.
300
_a
160
600
_a
मोकाशी दि.बा.
630
_a
पालखी
700
_a
मोकाशी दि.बा.
730
_a
पालखी
942
_c
BOOK
999
_c
39181
_d
39181